Countries with the Worst Drinking Water - Statistics

General Stats
  • This quiz has been taken 118 times
  • The average score is 13 of 20
Answer Stats
% Country % Correct
41.8 Niger
93%
47.6 D.R. Congo
92%
49.2 Chad
82%
42.7 Ethiopia
82%
68.3 Somalia
80%
44.5 Sudan
80%
41.3 South Sudan
76%
45.6 Libya
68%
42.1 Mauritania
68%
42.2 Eritrea
66%
46.8 Tanzania
64%
51.0 Angola
63%
48.9 Mozambique
62%
45.1 Yemen
58%
44.7 Afghanistan
55%
37.4 Sierra Leone
49%
48.5 Madagascar
45%
42.3 Haiti
44%
52.1 Equatorial Guinea
37%
60.0 Papua New Guinea
27%
No matching quizzes found
Score Distribution
Percent of People with Each Score
Percentile by Number Answered
Your Score History
You have not taken this quiz